Príspevok k problémom optimalizácie štruktúr umelých neurónových sietí : čis. ved. odb. 38-01-9 : Dat.obhaj. 4.11.2010

Gespeichert in:
Bibliographische Detailangaben
1. Verfasser: Körösi, Ladislav, 1977- (Verfasst von)
Weitere Verfasser: Kozák, Štefan (Betreuung Doktorarbeit)
Format: Manuskript Buch
Sprache:Slowakisch
Veröffentlicht: Bratislava : STU v Bratislave FEI, 2010
Schlagworte:
Tags: Tag hinzufügen
Keine Tags, Fügen Sie das erste Tag hinzu!

MARC

LEADER 00000ntm a22000003a 4500
001 stu218578
005 20230411144141.9
008 101206s1998----xo------------------slo-d
040 |a STU  |b slo 
041 0 |a slo 
044 |a xo 
100 1 |a Körösi, Ladislav,  |d 1977-  |4 aut  |u E011  |U FEI Fakulta elektrotechniky a informatiky  |T FEI Ústav robotiky a kybernetiky  |X 4960  |U E011  |Y 356  |7 A000004960 
245 1 |a Príspevok k problémom optimalizácie štruktúr umelých neurónových sietí :  |b čis. ved. odb. 38-01-9 : Dat.obhaj. 4.11.2010 
260 |a Bratislava :  |b STU v Bratislave FEI,  |c 2010 
300 |a 126 s 
650 7 |a Automatizácia a riadenie  |2 stusub 
650 7 |a neurónové siete  |2 stusub 
700 1 |a Kozák, Štefan  |4 ths  |u E010  |T FEI Ústav riadenia a priemyselnej informatiky  |X 1954  |U E010  |Y E010  |7 1954 
996 |b 284ED01301  |c E*ZP-165  |l EE01  |s A  |a 24  |w stu218578_0001